The male mid-life crisis: Fresh starts after forty

Uloženo v:
Podrobná bibliografie
Hlavní autor: Mayer, Nancy
Médium: Kniha
Jazyk:Undetermined
Vydáno: New York, Estados Unidos Signet 1979
Témata:
Tagy: Přidat tag
Žádné tagy, Buďte první, kdo vytvoří štítek k tomuto záznamu!

MARC

LEADER 00000nam a2200000Ia 4500
008 170316s9999 xx 000 0 und d
040 |a cru BVZT 
090 |a 810 M-20m 
100 |a Mayer, Nancy  |9 978 
245 4 |a The male mid-life crisis: Fresh starts after forty  |c / Nancy Mayer 
260 |a New York, Estados Unidos  |b Signet  |c 1979 
300 |a 300 páginas 
650 |a LITERATURA LATINOAMERICANA  |9 15 
999 |c 5894  |d 5894 
942 |c 15 D  |h 810 M-20m  |2 z